| 000 | 00527nam a2200217Ia 4500 | ||
|---|---|---|---|
| 005 | 20250425160733.0 | ||
| 008 | 250425s9999 xx 000 0 und d | ||
| 020 | _a0470202254 | ||
| 041 | _aeng | ||
| 082 | _a621.3192 | ||
| 100 | _aAATRE, VASUDEV K. | ||
| 245 | 0 | _aNETWORK THEORY AND FILTER DESIGN | |
| 250 | _a2ND ED. | ||
| 260 |
_aEstados Unidos _bJohn Wiley & Sons _c1986 |
||
| 260 | _aNEW YORK | ||
| 300 | _a476 | ||
| 650 | _aFILTROS ELECTRICOS | ||
| 650 | _aREDES ELECTRICAS | ||
| 942 | _c01 | ||
| 010 | _a3869 | ||
| 999 |
_c195167 _d195167 |
||